| 000 | 00625nam a2200193 a 4500 | ||
|---|---|---|---|
| 001 | 5120 | ||
| 003 | CDMR | ||
| 005 | 20131125180244.0 | ||
| 008 | 130130s1975||||||||||||||||||||||||||||d | ||
| 040 |
_aCDMR _bcat _cCDMR |
||
| 245 | 0 |
_aLegislación de prensa, información y publicidad _cedición preparada por Enrique Gómez-Reino |
|
| 260 |
_aMadrid _c1975 _bCívitas |
||
| 300 |
_a964 p. _c15 cm |
||
| 490 | 0 | _aBiblioteca de Legislación Civitas | |
| 650 | 0 | 4 |
_94383 _aPremsa _xDret i legislació _zEspanya |
| 650 | 0 | 4 |
_91709 _aPublicitat _xDret i legislació |
| 700 | 1 |
_91882 _aGómez-Reino Carnota, Enrique _eed. |
|
| 942 |
_cMON _2udc |
||
| 999 |
_c5120 _d5120 |
||